| 000 | 00942nam a22002297a 4500 | ||
|---|---|---|---|
| 999 |
_c18171 _d18171 |
||
| 003 | AR-CdUCM | ||
| 008 | 190513b ||||| |||| 00| 0 spa d | ||
| 040 |
_aMUNICIPALIDAD PROVINCIAL DEL CUSCO _cBIBLIOTECA MUNICIPAL DEL CUSCO |
||
| 041 | _heng | ||
| 082 |
_a301.36 / _bB39 |
||
| 100 |
_aBergel, Egon Ernest _938609 |
||
| 245 |
_aSociología urbana : _bHistoria - disposición de las ciudades - geografía social - tipología -- demografía - instituciones - gobierno - vivienda - planteamiento - organización / |
||
| 260 |
_aArgentina : _bEditorial bibliográfica argentina, _c1955. |
||
| 300 |
_a554 páginas ; _c23 cm. |
||
| 505 | _aContenido: El enfoque empírico -- Geografía social -- Tipología -- Demografía... | ||
| 650 |
_aSociologia _9276 |
||
| 650 |
_aCiencias sociales _91096 |
||
| 650 |
_aMétodo sociológico _938610 |
||
| 700 |
_aMartinez Alinari, Josefina _931090 |
||
| 942 |
_2ddc _cLIBROS |
||
| 945 |
_adavv _d2019-05-13 |
||